[Event "BI-2014-P-0000"]
[Site "LSS email"]
[Date "2014.04.19"]
[Round "?"]
[White "Almeida, Ramiro"]
[Black "Dovganenko, Andrej"]
[Result "1-0"]
[WhiteElo "2329"]
[BlackElo "1985"]
[PlyCount "39"]
[EventDate "2014.04.25"]
[EventType "tourn (corr)"]
[EventRounds "10"]
[EventCountry "GER"]
[SourceTitle "Corr 2022"]
[Source "ChessBase"]
[SourceDate "2021.10.24"]
[SourceVersion "1"]
[SourceVersionDate "2021.10.24"]
[SourceQuality "1"]

1. e4 e5 2. Bc4 Nf6 3. d3 c6 4. Nf3 d5 5. Bb3 Bb4+ 6. Bd2 Bd6 7. Nc3 d4 8. Ne2 0-0 9. 0-0 c5 10. c3 Nc6 11. h3 h6 12. Ng3 Re8 13. Rc1 Be6 14. Bxe6 Rxe6 15. Qb3 Qb6 16. Qa4 a5 17. Rb1 Qa6 18. c4 Nb4 19. Ne1 Qc6 20. b3 1-0

[Event "BI-2014-P-0000"]
[Site "LSS email"]
[Date "2014.04.19"]
[Round "?"]
[White "Cole, Steve"]
[Black "Dovganenko, Andrej"]
[Result "0-1"]
[WhiteElo "1375"]
[BlackElo "1985"]
[PlyCount "50"]
[EventDate "2014.04.25"]
[EventType "tourn (corr)"]
[EventRounds "10"]
[EventCountry "GER"]
[SourceTitle "Corr 2022"]
[Source "ChessBase"]
[SourceDate "2021.10.24"]
[SourceVersion "1"]
[SourceVersionDate "2021.10.24"]
[SourceQuality "1"]

1. e4 e5 2. Nf3 Nc6 3. Bb5 a6 4. Ba4 Nf6 5. 0-0 Be7 6. Re1 b5 7. Bb3 0-0 8. h3 Bb7 9. c3 d5 10. exd5 Nxd5 11. Nxe5 Nxe5 12. Rxe5 Nf4 13. d4 Nxg2 14. Qg4 Nh4 15. Nd2 Kh8 16. Bc2 f5 17. Rxf5 Nxf5 18. Bxf5 Bh4 19. f3 Qf6 20. Be4 Bxe4 21. Nxe4 Qxf3 22. Qxf3 Rxf3 23. Kg2 Raf8 24. a4 Rf1 25. axb5 Re1 0-1

[Event "BI-2014-P-0000"]
[Site "LSS email"]
[Date "2014.04.19"]
[Round "?"]
[White "Dovganenko, Andrej"]
[Black "Gubo, Jozef"]
[Result "0-1"]
[WhiteElo "1985"]
[BlackElo "2066"]
[PlyCount "22"]
[EventDate "2014.04.25"]
[EventType "tourn (corr)"]
[EventRounds "10"]
[EventCountry "GER"]
[SourceTitle "Corr 2022"]
[Source "ChessBase"]
[SourceDate "2021.10.24"]
[SourceVersion "1"]
[SourceVersionDate "2021.10.24"]
[SourceQuality "1"]

1. d4 d5 2. c4 Bf5 3. cxd5 Bxb1 4. Rxb1 Qxd5 5. e3 Nc6 6. b4 Qe4 7. Rb2 e5 8. b5 Bb4+ 9. Bd2 Bxd2+ 10. Qxd2 Nce7 11. Nf3 exd4 0-1

[Event "BI-2014-P-0000"]
[Site "LSS email"]
[Date "2014.04.19"]
[Round "?"]
[White "Herzog, Klaus"]
[Black "Dovganenko, Andrej"]
[Result "1-0"]
[WhiteElo "1798"]
[BlackElo "1985"]
[PlyCount "59"]
[EventDate "2014.04.25"]
[EventType "tourn (corr)"]
[EventRounds "10"]
[EventCountry "GER"]
[SourceTitle "Corr 2022"]
[Source "ChessBase"]
[SourceDate "2021.10.24"]
[SourceVersion "1"]
[SourceVersionDate "2021.10.24"]
[SourceQuality "1"]

1. d4 Nf6 2. c4 e6 3. g3 d5 4. Bg2 dxc4 5. Nf3 Nc6 6. Qa4 Bb4+ 7. Bd2 Nd5 8. Bxb4 Ndxb4 9. 0-0 Rb8 10. Na3 0-0 11. Qb5 b6 12. Qxc4 Ba6 13. Nb5 Qd5 14. Qxd5 Nxd5 15. a4 Na5 16. Ne5 Rbd8 17. Nxa7 Nb4 18. Rac1 Rxd4 19. Nb5 Bxb5 20. axb5 f6 21. e3 Rdd8 22. Nf3 Rf7 23. Bh3 Re7 24. Rfd1 Rxd1+ 25. Rxd1 e5 26. Rd8+ Kf7 27. Rh8 h6 28. Bf5 Nb7 29. Nh4 Nd6 30. Bg6+ 1-0

[Event "RB-2014-0-00243"]
[Site "LSS email"]
[Date "2014.03.23"]
[Round "?"]
[White "Dovganenko, Andrej"]
[Black "Hoehne, Volkmar"]
[Result "1-0"]
[WhiteElo "1909"]
[BlackElo "1983"]
[PlyCount "71"]
[EventDate "2014.01.24"]
[EventType "tourn (corr)"]
[EventRounds "6"]
[EventCountry "GER"]
[SourceTitle "Corr 2022"]
[Source "ChessBase"]
[SourceDate "2021.10.24"]
[SourceVersion "1"]
[SourceVersionDate "2021.10.24"]
[SourceQuality "1"]

1. d4 Nf6 2. c4 g6 3. Nc3 Bg7 4. e4 d6 5. Nf3 0-0 6. Be2 e5 7. 0-0 Nc6 8. d5 Ne7 9. Ne1 Nd7 10. g4 f5 11. f3 h5 12. gxf5 gxf5 13. Kh1 Nf6 14. Nd3 Kh8 15. Bg5 Bd7 16. Rg1 f4 17. a4 Nh7 18. Bh4 Bf6 19. Bxf6+ Nxf6 20. c5 Rg8 21. Rxg8+ Nexg8 22. Qb3 Rb8 23. Qb4 Ne8 24. Nb5 a6 25. cxd6 axb5 26. Nxe5 Nxd6 27. Rg1 Be8 28. Qd4 Nf6 29. Ng6+ Bxg6 30. Rxg6 Nde8 31. Bxb5 Kh7 32. Rg1 Qd6 33. e5 Qxd5 34. Qxf4 Ng4 35. Bc4 Qc6 36. Bd3+ 1-0

[Event "RB-2014-0-00243"]
[Site "LSS email"]
[Date "2014.03.21"]
[Round "?"]
[White "Dovganenko, Andrej"]
[Black "Glowatzky, Tihomir"]
[Result "1-0"]
[WhiteElo "1909"]
[BlackElo "2057"]
[PlyCount "59"]
[EventDate "2014.01.24"]
[EventType "tourn (corr)"]
[EventRounds "6"]
[EventCountry "GER"]
[SourceTitle "Corr 2022"]
[Source "ChessBase"]
[SourceDate "2021.10.24"]
[SourceVersion "1"]
[SourceVersionDate "2021.10.24"]
[SourceQuality "1"]

1. e4 e5 2. Nf3 Nf6 3. Nxe5 d6 4. Nf3 Nxe4 5. Nc3 Nxc3 6. dxc3 Be7 7. Be3 0-0 8. Qd2 Nc6 9. 0-0-0 Bf6 10. h4 h6 11. Bd3 Re8 12. Rdg1 Bg4 13. Kb1 Qd7 14. Nh2 Be6 15. g4 Ne5 16. g5 hxg5 17. hxg5 Bd8 18. f4 Nxd3 19. Qxd3 Bf5 20. Qe2 Be4 21. Nf3 c5 22. Rh5 Qc6 23. Nh4 g6 24. Rh6 Qa4 25. b3 Qa5 26. Bc1 d5 27. f5 Qxc3 28. fxg6 fxg6 29. Nxg6 Bc7 30. Rh8+ 1-0

[Event "RB-2014-0-00243"]
[Site "LSS email"]
[Date "2014.03.21"]
[Round "?"]
[White "Zemlyanov, Sergey Mikhailovich"]
[Black "Dovganenko, Andrej"]
[Result "1/2-1/2"]
[WhiteElo "1675"]
[BlackElo "1909"]
[PlyCount "62"]
[EventDate "2014.01.24"]
[EventType "tourn (corr)"]
[EventRounds "6"]
[EventCountry "GER"]
[SourceTitle "Corr 2022"]
[Source "ChessBase"]
[SourceDate "2021.10.24"]
[SourceVersion "1"]
[SourceVersionDate "2021.10.24"]
[SourceQuality "1"]

1. e4 c5 2. Nf3 d6 3. d4 cxd4 4. Nxd4 Nf6 5. Nc3 a6 6. h3 e5 7. Nb3 Be6 8. Be3 Be7 9. f4 exf4 10. Bxf4 0-0 11. Qf3 Nbd7 12. 0-0-0 Rc8 13. g4 h6 14. Kb1 Re8 15. Be2 Qb6 16. Nd5 Bxd5 17. exd5 Ne5 18. Bxe5 dxe5 19. h4 e4 20. Qg2 Rcd8 21. c4 e3 22. g5 Nd7 23. Rhg1 Nc5 24. Qf3 hxg5 25. Rdf1 Qg6+ 26. Ka1 Qf6 27. Qxe3 Qb6 28. hxg5 Nxb3+ 29. Qxb3 Qxb3 30. axb3 g6 31. Bd1 Bc5 1/2-1/2

[Event "SB-2014-0-00357"]
[Site "LSS email"]
[Date "2014.03.18"]
[Round "?"]
[White "Chmela, Zdenek"]
[Black "Dovganenko, Andrej"]
[Result "1-0"]
[WhiteElo "1904"]
[BlackElo "1760"]
[PlyCount "51"]
[EventDate "2014.02.21"]
[EventType "tourn (corr)"]
[EventRounds "6"]
[EventCountry "GER"]
[SourceTitle "Corr 2015"]
[Source "ChessBase"]
[SourceDate "2015.07.17"]
[SourceVersion "1"]
[SourceVersionDate "2015.07.17"]
[SourceQuality "1"]

1. d4 d5 2. Nf3 Nf6 3. c4 dxc4 4. e3 e6 5. Bxc4 c5 6. 0-0 a6 7. Bd3 Nbd7 8. Qe2 b6 9. Rd1 Qc7 10. b3 cxd4 11. exd4 Bb7 12. Bb2 Be7 13. Nbd2 0-0 14. Rac1 Qd8 15. Ne5 b5 16. Nc6 Bxc6 17. Rxc6 Nd5 18. Bb1 N7f6 19. Ne4 g6 20. g3 Qd7 21. Rdc1 Ra7 22. a3 Nxe4 23. Bxe4 Rd8 24. Qf3 Nf6 25. Bb1 Nd5 26. Be4 1-0

[Event "SB-2014-0-00357"]
[Site "LSS email"]
[Date "2014.03.17"]
[Round "?"]
[White "Dovganenko, Andrej"]
[Black "Hoehne, Volkmar"]
[Result "0-1"]
[WhiteElo "1760"]
[BlackElo "1832"]
[PlyCount "46"]
[EventDate "2014.02.21"]
[EventType "tourn (corr)"]
[EventRounds "6"]
[EventCountry "GER"]
[SourceTitle "Corr 2015"]
[Source "ChessBase"]
[SourceDate "2015.07.17"]
[SourceVersion "1"]
[SourceVersionDate "2015.07.17"]
[SourceQuality "1"]

1. e4 e5 2. Nf3 Nc6 3. Bb5 a6 4. Ba4 Nf6 5. 0-0 Be7 6. Re1 b5 7. Bb3 d6 8. c3 0-0 9. h3 Qd7 10. d4 Re8 11. Bc2 Bb7 12. a3 Rad8 13. b4 h6 14. Be3 d5 15. Nxe5 Nxe5 16. dxe5 Nxe4 17. f3 Ng5 18. Nd2 c5 19. bxc5 Qc7 20. Nb3 Ne6 21. f4 Nxc5 22. Nxc5 Bxc5 23. Bd4 Bxd4+ 0-1

[Event "RC-2013-0-00139"]
[Site "LSS email"]
[Date "2014.01.26"]
[Round "?"]
[White "Seiler, Peter"]
[Black "Dovganenko, Andrej"]
[Result "1/2-1/2"]
[WhiteElo "1771"]
[BlackElo "1917"]
[PlyCount "60"]
[EventDate "2013.12.22"]
[EventType "tourn (corr)"]
[EventRounds "6"]
[EventCountry "GER"]
[SourceTitle "Telechess CBM 167"]
[Source "ChessBase"]
[SourceDate "2015.07.13"]
[SourceVersion "1"]
[SourceVersionDate "2015.07.13"]
[SourceQuality "1"]

1. e4 c5 2. Nf3 d6 3. d4 cxd4 4. Nxd4 Nf6 5. Nc3 a6 6. Bc4 e6 7. Bb3 b5 8. 0-0 Be7 9. Qf3 Qb6 10. Be3 Qb7 11. Qg3 b4 12. Na4 Nbd7 13. f3 0-0 14. Rfd1 Ne5 15. Ne2 a5 16. c4 Qa6 17. Nf4 Bd7 18. Nb6 Rad8 19. Rac1 Bc6 20. c5 dxc5 21. Rxd8 Rxd8 22. Nxe6 Nxf3+ 23. gxf3 fxe6 24. Bh6 Nh5 25. Qc7 gxh6 26. Qxe7 Qxb6 27. Bxe6+ Kh8 28. Kh1 Bb5 29. Bf5 Ng7 30. Rg1 Rg8 1/2-1/2

[Event "RC-2013-0-00139"]
[Site "LSS email"]
[Date "2014.01.26"]
[Round "?"]
[White "Somogyi, Gabor"]
[Black "Dovganenko, Andrej"]
[Result "1/2-1/2"]
[WhiteElo "1758"]
[BlackElo "1917"]
[PlyCount "35"]
[EventDate "2013.12.22"]
[EventType "tourn (corr)"]
[EventRounds "6"]
[EventCountry "GER"]
[SourceTitle "Telechess CBM 167"]
[Source "ChessBase"]
[SourceDate "2015.07.13"]
[SourceVersion "1"]
[SourceVersionDate "2015.07.13"]
[SourceQuality "1"]

1. e4 c5 2. Nf3 d6 3. d4 cxd4 4. Nxd4 Nf6 5. Nc3 a6 6. Bg5 e6 7. f4 Nbd7 8. Qf3 Qc7 9. 0-0-0 b5 10. Bd3 Bb7 11. Rhe1 Qb6 12. Qe3 b4 13. Na4 Qa5 14. b3 Nc5 15. Qh3 0-0-0 16. Qh4 Nxa4 17. bxa4 Rd7 18. f5 1/2-1/2

[Event "RB-2013-0-00239"]
[Site "LSS email"]
[Date "2014.01.25"]
[Round "?"]
[White "Eshuis, Johannes"]
[Black "Dovganenko, Andrej"]
[Result "1/2-1/2"]
[WhiteElo "2040"]
[BlackElo "1917"]
[PlyCount "44"]
[EventDate "2013.12.28"]
[EventType "tourn (corr)"]
[EventRounds "6"]
[EventCountry "GER"]
[SourceTitle "Telechess CBM 167"]
[Source "ChessBase"]
[SourceDate "2015.07.13"]
[SourceVersion "1"]
[SourceVersionDate "2015.07.13"]
[SourceQuality "1"]

1. e4 c5 2. Nf3 d6 3. d4 cxd4 4. Nxd4 Nf6 5. Nc3 a6 6. Bg5 e6 7. f4 Nbd7 8. Bc4 Qb6 9. Bxf6 Nxf6 10. Bb3 d5 11. e5 Nd7 12. Qd2 Qc7 13. 0-0 Bc5 14. Nce2 0-0 15. c3 Nb6 16. Kh1 Bd7 17. Ng3 f6 18. exf6 Rxf6 19. f5 exf5 20. Ndxf5 Raf8 21. Ne3 Rxf1+ 22. Rxf1 Rxf1+ 1/2-1/2

[Event "RB-2013-0-00239"]
[Site "LSS email"]
[Date "2014.01.24"]
[Round "?"]
[White "Dovganenko, Andrej"]
[Black "Obukhov, Gennady Nikolaevich"]
[Result "1/2-1/2"]
[WhiteElo "1917"]
[BlackElo "1898"]
[PlyCount "44"]
[EventDate "2013.12.28"]
[EventType "tourn (corr)"]
[EventRounds "6"]
[EventCountry "GER"]
[SourceTitle "Telechess CBM 167"]
[Source "ChessBase"]
[SourceDate "2015.07.13"]
[SourceVersion "1"]
[SourceVersionDate "2015.07.13"]
[SourceQuality "1"]

1. d4 d5 2. c4 Nc6 3. Nf3 Bg4 4. cxd5 Bxf3 5. gxf3 Qxd5 6. e3 e6 7. Nc3 Qd7 8. Qb3 0-0-0 9. Bd2 Nf6 10. 0-0-0 Kb8 11. Ne4 Nd5 12. Kb1 Nb6 13. f4 Be7 14. Rg1 g6 15. Ng5 Bxg5 16. Rxg5 Ne7 17. Ra5 f5 18. Rc1 Ned5 19. f3 Rhf8 20. Be1 Rf7 21. Bh4 Rdf8 22. Ra3 h6 1/2-1/2

[Event "RE-2013-0-00133"]
[Site "LSS email"]
[Date "2014.01.12"]
[Round "?"]
[White "Dovganenko, Andrej"]
[Black "Henke, Simon"]
[Result "1-0"]
[WhiteElo "1873"]
[BlackElo "1474"]
[PlyCount "39"]
[EventDate "2013.11.20"]
[EventType "tourn (corr)"]
[EventRounds "6"]
[EventCountry "GER"]
[SourceTitle "Telechess CBM 167"]
[Source "ChessBase"]
[SourceDate "2015.07.13"]
[SourceVersion "1"]
[SourceVersionDate "2015.07.13"]
[SourceQuality "1"]

1. e4 g6 2. d4 Bg7 3. Nc3 d6 4. f4 e6 5. Nf3 Ne7 6. Be3 a6 7. Qd2 0-0 8. h4 h5 9. 0-0-0 b5 10. Bd3 Bb7 11. g4 hxg4 12. Ng5 b4 13. Ne2 c5 14. h5 Nd7 15. hxg6 Nxg6 16. Ng3 Re8 17. f5 exf5 18. Nxf5 Nf6 19. Qh2 Bxe4 20. Nxe4 1-0

[Event "RE-2013-0-00133"]
[Site "LSS email"]
[Date "2014.01.12"]
[Round "?"]
[White "Makushev, Igorj"]
[Black "Dovganenko, Andrej"]
[Result "1/2-1/2"]
[WhiteElo "1516"]
[BlackElo "1873"]
[PlyCount "73"]
[EventDate "2013.11.20"]
[EventType "tourn (corr)"]
[EventRounds "6"]
[EventCountry "GER"]
[SourceTitle "Telechess CBM 167"]
[Source "ChessBase"]
[SourceDate "2015.07.13"]
[SourceVersion "1"]
[SourceVersionDate "2015.07.13"]
[SourceQuality "1"]

1. e4 e5 2. Nf3 Nc6 3. Nc3 Nf6 4. d4 exd4 5. Nxd4 Bb4 6. Nxc6 bxc6 7. Bd3 d5 8. exd5 0-0 9. 0-0 cxd5 10. Bg5 c6 11. Qf3 Rb8 12. h3 Bd6 13. Na4 h6 14. Bf4 Be6 15. b3 c5 16. Rfe1 Bxf4 17. Qxf4 c4 18. Bf5 Bxf5 19. Qxf5 Qa5 20. Qe5 Rbc8 21. Qd4 cxb3 22. cxb3 Rc2 23. Rec1 Rfc8 24. Qd1 Qc7 25. Rxc2 Qxc2 26. Qd4 Rc7 27. Kh2 Kh7 28. Kg1 Ne4 29. f3 Ng3 30. Qxd5 Ne2+ 31. Kh2 Nf4 32. Qe4+ Qxe4 33. fxe4 Rc2 34. Rg1 Rxa2 35. Nc3 Rd2 36. Nd5 Nxd5 37. exd5 1/2-1/2

[Event "OP-2013-0-03152"]
[Site "LSS email"]
[Date "2013.12.02"]
[Round "?"]
[White "Dovganenko, Andrej"]
[Black "Stuart, Keith"]
[Result "1-0"]
[WhiteElo "1899"]
[BlackElo "1165"]
[PlyCount "75"]
[EventDate "2013.11.28"]
[EventType "tourn (corr)"]
[EventRounds "4"]
[EventCountry "GER"]
[SourceTitle "Corr 2022"]
[Source "ChessBase"]
[SourceDate "2021.10.24"]
[SourceVersion "1"]
[SourceVersionDate "2021.10.24"]
[SourceQuality "1"]

1. d4 g6 2. e4 Nf6 3. e5 Nd5 4. c4 Nb4 5. a3 N4a6 6. b4 d6 7. b5 dxe5 8. bxa6 exd4 9. axb7 Bxb7 10. Nd2 Bg7 11. f3 Nd7 12. Nh3 0-0 13. Bd3 Ne5 14. Nf2 Qd6 15. Rb1 Rab8 16. 0-0 f5 17. c5 Qd5 18. Re1 Bc6 19. Ba6 Qxc5 20. Rxb8 Rxb8 21. f4 Qd5 22. Bf1 Nf7 23. Rxe7 Qd6 24. Re1 Qxf4 25. Bc4 Qd6 26. Nd3 Re8 27. Nf3 Kf8 28. Rxe8+ Bxe8 29. Bd2 Qe7 30. Qb3 Bh6 31. Nf4 Bxf4 32. Bxf4 c5 33. Qb8 Kg7 34. Bxf7 Bxf7 35. Bd6 Qe3+ 36. Kh1 Qe8 37. Qxa7 c4 38. Qxd4+ 1-0

[Event "RC-2013-0-00130"]
[Site "LSS email"]
[Date "2013.10.28"]
[Round "?"]
[White "Reede, Arvo"]
[Black "Dovganenko, Andrej"]
[Result "1/2-1/2"]
[WhiteElo "1713"]
[BlackElo "1818"]
[PlyCount "76"]
[EventDate "2013.08.27"]
[EventType "tourn (corr)"]
[EventRounds "6"]
[EventCountry "GER"]
[SourceTitle "Telechess CBM 167"]
[Source "ChessBase"]
[SourceDate "2015.07.13"]
[SourceVersion "1"]
[SourceVersionDate "2015.07.13"]
[SourceQuality "1"]

1. d4 d5 2. Nf3 Nf6 3. c4 dxc4 4. Nc3 a6 5. e4 b5 6. Be2 c6 7. 0-0 e6 8. Qc2 Nbd7 9. b3 cxb3 10. axb3 Bb7 11. e5 Nd5 12. Bg5 Qb6 13. Rfc1 c5 14. Nxd5 Bxd5 15. Be3 cxd4 16. Nxd4 Bc5 17. Nxe6 fxe6 18. Bxc5 Qxc5 19. Qxc5 Nxc5 20. Rxc5 0-0 21. Bd1 Rf5 22. Be2 Rf4 23. f3 Rb4 24. Rc3 a5 25. Bd1 Rd4 26. Bc2 Rd2 27. Rc7 g6 28. h4 b4 29. h5 a4 30. hxg6 a3 31. gxh7+ Kh8 32. Rb1 Rb8 33. Rc5 Rd8 34. Rc7 Ra8 35. Kh1 Rf8 36. Kg1 Ra8 37. Kh1 Rf8 38. Kg1 Ra8 1/2-1/2

[Event "OP-2013-0-03073"]
[Site "LSS email"]
[Date "2013.10.22"]
[Round "?"]
[White "Dovganenko, Andrej"]
[Black "Lenz, Juergen"]
[Result "1-0"]
[WhiteElo "2192"]
[BlackElo "1178"]
[PlyCount "69"]
[EventDate "2013.10.20"]
[EventType "tourn (corr)"]
[EventRounds "4"]
[EventCountry "GER"]
[SourceTitle "Corr 2022"]
[Source "ChessBase"]
[SourceDate "2021.10.24"]
[SourceVersion "1"]
[SourceVersionDate "2021.10.24"]
[SourceQuality "1"]

1. e4 Nf6 2. e5 Nd5 3. d4 d6 4. Nf3 Nc6 5. c4 Nb6 6. e6 fxe6 7. Nc3 e5 8. d5 Nd4 9. Nxd4 exd4 10. Qxd4 e5 11. Qe4 Be7 12. Qc2 0-0 13. Bd3 g6 14. Bh6 Rf6 15. b3 Bf5 16. 0-0 Qd7 17. Be4 Bf8 18. Bg5 Rf7 19. Rad1 Be7 20. Be3 Raf8 21. a4 Nc8 22. a5 a6 23. b4 Qd8 24. Bh6 Re8 25. b5 Bg5 26. Bxg5 Qxg5 27. bxa6 bxa6 28. Rb1 Bh3 29. Qc1 Rf4 30. Rb7 Qg4 31. Qe3 Ref8 32. Qxh3 Rxe4 33. Nxe4 Qxe4 34. Rxc7 h5 35. Qd7 1-0

[Event "OP-2013-0-03073"]
[Site "LSS email"]
[Date "2013.10.22"]
[Round "?"]
[White "Zabransky, Frantisek"]
[Black "Dovganenko, Andrej"]
[Result "0-1"]
[WhiteElo "800"]
[BlackElo "2192"]
[PlyCount "74"]
[EventDate "2013.10.20"]
[EventType "tourn (corr)"]
[EventRounds "4"]
[EventCountry "GER"]
[SourceTitle "Corr 2022"]
[Source "ChessBase"]
[SourceDate "2021.10.24"]
[SourceVersion "1"]
[SourceVersionDate "2021.10.24"]
[SourceQuality "1"]

1. e4 e5 2. Nf3 Nc6 3. Bb5 a6 4. Ba4 g6 5. 0-0 Nge7 6. c3 b5 7. Bb3 Bg7 8. Ng5 0-0 9. d3 h6 10. Nxf7 Rxf7 11. Bxf7+ Kxf7 12. Be3 Kg8 13. a4 b4 14. cxb4 Kh7 15. Qd2 d5 16. f3 Rb8 17. Bc5 Be6 18. Kh1 Nd4 19. Bxd4 exd4 20. Na3 dxe4 21. fxe4 Nc6 22. b5 axb5 23. axb5 Ne5 24. Qc2 Ng4 25. Qc5 Rc8 26. g3 Ne5 27. Qc2 Qd7 28. Kg1 h5 29. b4 Qd6 30. Kg2 Qxb4 31. Qe2 Qc3 32. Rfc1 Bg4 33. Rxc3 Bxe2 34. Rb3 Bxd3 35. Rxd3 Nxd3 36. Nc4 Rf8 37. Ra7 Rf2+ 0-1

[Event "SM-2012-0-00228"]
[Site "LSS email"]
[Date "2012.11.16"]
[Round "?"]
[White "Steinke, Ruediger"]
[Black "Dovganenko, Andrej"]
[Result "1-0"]
[WhiteElo "2223"]
[BlackElo "1786"]
[PlyCount "35"]
[EventDate "2012.10.28"]
[EventType "tourn (corr)"]
[EventRounds "6"]
[EventCountry "GER"]
[SourceTitle "Corr 2015"]
[Source "ChessBase"]
[SourceDate "2015.07.17"]
[SourceVersion "1"]
[SourceVersionDate "2015.07.17"]
[SourceQuality "1"]

1. e4 e5 2. Nf3 Nc6 3. d4 exd4 4. Nxd4 Bc5 5. Be3 Qf6 6. c3 Nge7 7. Bc4 Ne5 8. Be2 Qg6 9. 0-0 d6 10. f3 0-0 11. Nd2 d5 12. Kh1 dxe4 13. fxe4 Bg4 14. Bf4 Bxe2 15. Qxe2 Bd6 16. Rad1 Rae8 17. Bxe5 Bxe5 18. N2f3 1-0

[Event "CP-2012-P-00004"]
[Site "LSS email"]
[Date "2012.10.01"]
[Round "?"]
[White "Dovganenko, Andrej"]
[Black "Corbacho, Jose Luis"]
[Result "0-1"]
[WhiteElo "1774"]
[BlackElo "1596"]
[PlyCount "28"]
[EventDate "2012.10.05"]
[EventType "tourn (corr)"]
[EventRounds "6"]
[EventCountry "GER"]
[SourceTitle "Corr 2015"]
[Source "ChessBase"]
[SourceDate "2015.07.17"]
[SourceVersion "1"]
[SourceVersionDate "2015.07.17"]
[SourceQuality "1"]

1. e4 e5 2. Nf3 d6 3. d4 f5 4. dxe5 fxe4 5. Ng5 d5 6. e6 Nh6 7. g3 c6 8. Nc3 Qf6 9. Nxd5 cxd5 10. Bb5+ Ke7 11. Qxd5 Qf5 12. Qc4 Na6 13. Bxa6 Qa5+ 14. b4 Qxa6 0-1

[Event "SA-2012-0-00299"]
[Site "LSS email"]
[Date "2012.09.20"]
[Round "?"]
[White "Dovganenko, Andrej"]
[Black "Cimicki, Dariusz"]
[Result "0-1"]
[WhiteElo "1774"]
[BlackElo "2109"]
[PlyCount "51"]
[EventDate "2012.09.04"]
[EventType "tourn (corr)"]
[EventRounds "6"]
[EventCountry "GER"]
[SourceTitle "Telechess CBM 159"]
[Source "ChessBase"]
[SourceDate "2014.03.17"]
[SourceVersion "1"]
[SourceVersionDate "2014.03.17"]
[SourceQuality "1"]

1. e4 e6 2. d4 d5 3. Nc3 Bb4 4. e5 b6 5. Qg4 Bf8 6. Nf3 Qd7 7. Bb5 Nc6 8. a3 Bb7 9. 0-0 Nge7 10. Ne2 a6 11. Bd3 h6 12. b4 0-0-0 13. Re1 Rg8 14. Ng3 g6 15. b5 axb5 16. Bxb5 Nf5 17. c3 Be7 18. a4 h5 19. Qh3 h4 20. Nf1 g5 21. Qg4 Kb8 22. a5 Nxe5 23. Nxe5 Qxb5 24. Nxf7 Rdf8 25. Ne5 Rg7 26. h3 0-1

[Event "SA-2012-0-00299"]
[Site "LSS email"]
[Date "2012.09.20"]
[Round "?"]
[White "Dovganenko, Andrej"]
[Black "Walczak, Tomasz"]
[Result "0-1"]
[WhiteElo "1774"]
[BlackElo "2070"]
[PlyCount "54"]
[EventDate "2012.09.04"]
[EventType "tourn (corr)"]
[EventRounds "6"]
[EventCountry "GER"]
[SourceTitle "Telechess CBM 159"]
[Source "ChessBase"]
[SourceDate "2014.03.17"]
[SourceVersion "1"]
[SourceVersionDate "2014.03.17"]
[SourceQuality "1"]

1. e4 c5 2. Nf3 d6 3. d4 cxd4 4. Nxd4 Nf6 5. Nc3 a6 6. Be2 e5 7. Nb3 Be7 8. Qd3 0-0 9. 0-0 Be6 10. Nd5 Bxd5 11. exd5 Nbd7 12. Bd2 Ne8 13. Na5 Nc5 14. Qa3 f5 15. c4 Ne4 16. Be1 Qc7 17. f3 N4f6 18. b4 Nh5 19. g3 f4 20. Rd1 Rf7 21. Kg2 g6 22. g4 Nhf6 23. Qb3 Kg7 24. Bf2 Nd7 25. Rc1 Rc8 26. Bd3 Rb8 27. Qa3 Ndf6 0-1

[Event "SB-2012-0-00252"]
[Site "LSS email"]
[Date "2012.09.20"]
[Round "?"]
[White "Edwards, KEDG"]
[Black "Dovganenko, Andrej"]
[Result "1-0"]
[WhiteElo "2013"]
[BlackElo "1786"]
[PlyCount "27"]
[EventDate "2012.09.02"]
[EventType "tourn (corr)"]
[EventRounds "6"]
[EventCountry "GER"]
[SourceTitle "Corr 2015"]
[Source "ChessBase"]
[SourceDate "2015.07.17"]
[SourceVersion "1"]
[SourceVersionDate "2015.07.17"]
[SourceQuality "1"]

1. d4 Nf6 2. c4 e6 3. Nf3 d5 4. g3 Be7 5. Bg2 0-0 6. 0-0 dxc4 7. Qc2 a6 8. Qxc4 b5 9. Qc2 Bb7 10. Bd2 Be4 11. Qc1 Bb7 12. Bf4 Nd5 13. Nc3 Nxf4 14. Qxf4 1-0

[Event "SA-2012-0-00299"]
[Site "LSS email"]
[Date "2012.09.20"]
[Round "?"]
[White "Meissner, Ruediger"]
[Black "Dovganenko, Andrej"]
[Result "1-0"]
[WhiteElo "2053"]
[BlackElo "1774"]
[PlyCount "41"]
[EventDate "2012.09.04"]
[EventType "tourn (corr)"]
[EventRounds "6"]
[EventCountry "GER"]
[SourceTitle "Telechess CBM 159"]
[Source "ChessBase"]
[SourceDate "2014.03.17"]
[SourceVersion "1"]
[SourceVersionDate "2014.03.17"]
[SourceQuality "1"]

1. d4 Nf6 2. c4 e6 3. Nf3 d5 4. Nc3 c6 5. e3 Nbd7 6. b3 Bb4 7. Bd2 Qe7 8. Be2 0-0 9. Qc2 b6 10. 0-0 Bb7 11. Rad1 Rfd8 12. Bd3 dxc4 13. bxc4 c5 14. Be2 Rac8 15. Qb3 Ne8 16. a4 Nd6 17. dxc5 Bxc5 18. Nb5 a5 19. Nxd6 Bxd6 20. Nd4 Qg5 21. Nf3 1-0

[Event "SA-2012-0-00299"]
[Site "LSS email"]
[Date "2012.09.20"]
[Round "?"]
[White "Schenning, Albert AM"]
[Black "Dovganenko, Andrej"]
[Result "1-0"]
[WhiteElo "2079"]
[BlackElo "1774"]
[PlyCount "47"]
[EventDate "2012.09.04"]
[EventType "tourn (corr)"]
[EventRounds "6"]
[EventCountry "GER"]
[SourceTitle "Telechess CBM 159"]
[Source "ChessBase"]
[SourceDate "2014.03.17"]
[SourceVersion "1"]
[SourceVersionDate "2014.03.17"]
[SourceQuality "1"]

1. e4 c5 2. Nf3 d6 3. Bb5+ Bd7 4. Bxd7+ Qxd7 5. 0-0 Nc6 6. c3 Nf6 7. d4 Nxe4 8. d5 Ne5 9. Re1 Nf6 10. Nxe5 dxe5 11. Rxe5 e6 12. c4 0-0-0 13. Nc3 Bd6 14. Re1 exd5 15. Nxd5 Qf5 16. Be3 Rhe8 17. h3 Nxd5 18. cxd5 Re4 19. Qd3 g6 20. Rad1 Rde8 21. Re2 R8e7 22. b3 Kb8 23. Kf1 b6 24. Rc2 1-0